US States by Word Clouds - Statistics

General Stats
  • This quiz has been taken 9 times
  • The average score is 12 of 16
Answer Stats
Picture Answer % Correct
California
100%
Georgia
89%
Oklahoma
89%
Arkansas
78%
Maryland
78%
Missouri
78%
New York
78%
Utah
78%
Alabama
67%
Arizona
67%
Louisiana
67%
North Dakota
67%
Virginia
67%
Washington
67%
Idaho
56%
Minnesota
44%
No matching quizzes found
Score Distribution
Percent of People with Each Score
Percentile by Number Answered
Your Score History
You have not taken this quiz